In ishmael's house : (Record no. 15850)

000 -LEADER
fixed length control field 02428nam a2200277 a 4500
001 - CONTROL NUMBER
control field ASIN0300177984
005 - DATE AND TIME OF LATEST TRANSACTION
control field 20170105102926.0
008 - FIXED-LENGTH DATA ELEMENTS--GENERAL INFORMATION
fixed length control field 131212s2011 xxu eng d
020 ## - INTERNATIONAL STANDARD BOOK NUMBER
International Standard Book Number 0300177984 (paperback)
Terms of availability $25.00
020 ## - INTERNATIONAL STANDARD BOOK NUMBER
International Standard Book Number 9780300177985 (paperback)
040 ## - CATALOGING SOURCE
Original cataloging agency 0
050 04 - LIBRARY OF CONGRESS CALL NUMBER
Classification number BP173.J8
082 04 - DEWEY DECIMAL CLASSIFICATION NUMBER
Classification number 305.892401767
Author Mark GIL 2011
100 1# - MAIN ENTRY--PERSONAL NAME
Personal name Gilbert, Martin.
245 10 - TITLE STATEMENT
Title In ishmael's house :
Remainder of title a history of jews in muslim lands /
Statement of responsibility, etc. Martin Gilbert.
260 ## - PUBLICATION, DISTRIBUTION, ETC.
Place of publication, distribution, etc. [S.l.] :
Name of publisher, distributor, etc. Yale University Press,
Date of publication, distribution, etc. 2011.
300 ## - PHYSICAL DESCRIPTION
Extent 448 p. ;
Dimensions 23 cm.
520 ## - SUMMARY, ETC.
Summary, etc. The relationship between Jews and Muslims has been a flashpoint that affects stability in the Middle East and has consequences around the globe. In this absorbing and eloquent book, Martin Gilbert challenges the standard media portrayal and presents a fascinating account of hope, opportunity, fear, and terror that have characterized these two people through the 1,400 years of their intertwined history. Harking back to the Biblical story of Ishmael and Isaac, Gilbert takes the reader from the origins of the fraught relationship - the refusal of Medina's Jews to accept Mohammed as a prophet - through the ages of the Crusader reconquest of the Holy Land and the great Muslim sultanates to the present day. He explores the impact of Zionism in the first half of the twentieth century, the clash of nationalisms during the Second World War, the mass expulsions and exodus of 800,000 Jews from Muslim lands following the birth of Israel, the Six-Day War and its aftermath, and the political sensitivities of the current Middle East. "In Ishmael's House" sheds light on a time of prosperity and opportunity for Jews in Muslim lands stretching from Morocco to Afghanistan, with many instances of Muslim openness, support, and courage. Drawing on Jewish, Christian, and Muslim sources, Gilbert uses archived material, poems, letters, memoirs, and personal testimony to uncover the human voice of this centuries-old conflict. Ultimately Gilbert's moving account of mutual tolerance between Muslims and Jews provides a perspective on current events and a template for the future.
650 #0 - SUBJECT ADDED ENTRY--TOPICAL TERM
Topical term or geographic name entry element Islam--Relations--Judaism
650 #0 - SUBJECT ADDED ENTRY--TOPICAL TERM
Topical term or geographic name entry element Islamic Empire
650 #0 - SUBJECT ADDED ENTRY--TOPICAL TERM
Topical term or geographic name entry element Islamic countries
650 #0 - SUBJECT ADDED ENTRY--TOPICAL TERM
Topical term or geographic name entry element Jews
650 #0 - SUBJECT ADDED ENTRY--TOPICAL TERM
Topical term or geographic name entry element Judaism--Relations--Islam
856 40 - ELECTRONIC LOCATION AND ACCESS
Materials specified Amazon.com
Uniform Resource Identifier <a href="http://www.amazon.com/exec/obidos/ASIN/0300177984/chopaconline-20">http://www.amazon.com/exec/obidos/ASIN/0300177984/chopaconline-20</a>
942 ## - ADDED ENTRY ELEMENTS (KOHA)
Source of classification or shelving scheme
Koha item type Book
Holdings
Withdrawn status Lost status Damaged status Not for loan Collection code Permanent Location Current Location Shelving location Date acquired Total Checkouts Total Renewals Full call number Barcode Date last seen Date last checked out Price effective from Koha item type
          Centre for International Peace & Stability (CIPS) Centre for International Peace & Stability (CIPS) General Stacks 10/02/2013 1 1 305.892401767 GIL 2011 CIPS0002173 01/24/2019 12/11/2018 12/12/2013 Book
© 2023 Central Library, National University of Sciences and Technology. All Rights Reserved.